1920 1580 1808 1394 1108 1228 1394 1861 1526 1589 1333 1001 1753 1974 1602 1792 1149 1763 1045 1605 1446 1559 1453 1806 1827 1923 1201 1899 1368 1548 1856 1492 1712 1962 1411 1910 1400 1698 1888 1833 1899 1875 1681 1053 1647 1018 1941 1507 1765 1409 1034 1033 1787 1287 1234 1390 1876 1231 1038 1605 1887 1188 1134 1480 1162 1075 1206 1631 1839 1669 1038 1205 1323 1471 1722 1047 1700 1436 1931 1734 1804 1290 1918 1003 1839 1830 1731 1792 1472 1416 1337 1803 1700 1872 1154 1723 1415 1969 1934 BCNSPRNW ULIB Ver.6.0+V

เปลี่ยนเป็นภาษาไทย

Change to English
 แสดงรายละเอียดบรรณานุกรม
  กลับหน้าหลัก

Brief Record : Get Marc (ISO 2709) : E-mail record : QR code < ปิดหน้าต่าง
LEADER : 00000nam 2200000uu 4500
001    13399109511
003     ULIB
008    110404s2545||||th 000 0 tha d
020    9749021444 (ล.2)
060 04 WB293^bอ365ร ล.2 2545
100 0  อรรถสิทธิ์ เวชชาชีวะ
245 10 เรียนอายุรศาสตร์จากกรณีผู้ป่วย 2 /^cอรรถสิทธิ์ เวชชาชีวะ
250    พิมพ์ครั้งที่ 1
260    กรุงเทพฯ :^bคณะแพทยศาสตร์โรงพยาบาลรามาธิบดีมหาวิทยาลัยมหิดล,^c2545
300    5 ล. ;^c21 ซม.
440  0 เรียนอายุรศาสตร์จากกรณีผู้ป่วย ;^vลำดับที่ 1
440  0 เรียนอายุรศาสตร์จากกรณีผู้ป่วย ;^vลำดับที่ 2
440  0 เรียนอายุรศาสตร์จากกรณีผู้ป่วย ;^vลำดับที่ 3
440  0 เรียนอายุรศาสตร์จากกรณีผู้ป่วย ;^vลำดับที่ 4
440  0 เรียนอายุรศาสตร์จากกรณีผู้ป่วย ;^vลำดับที่ 5
591    LINS มี ล.1
591    LIPY มี ล.2 (2545)
591    LIRV มี ล.3 (2546), ล.4 (2548), ล.5 (2549)
591    LISI มี ล.1-5
591    LICL มี ล.1-2
591    LIRA มี ล. 1, 4, 5 (2549)
650  7 อายุรศาสตร์
710 2  มหาวิทยาลัยมหิดล. ^bคณะแพทยศาสตร์โรงพยาบาลรามาธิบดี
945    ^p210^l0^i017102
945    ^p210^l0^i017101
945    ^p210^l0^i014664
945    ^p210^l0^i014662
945    ^p210^l0^i014663
995    ทศพร
999 ^a ใช้งานได้ทุกระบบ
รายการนี้ยังไม่มีแท็ก
คุณยังไม่ได้ล็อกอิน คุณสามารถมีกิจกรรมร่วมกับเว็บไซต์ได้ แต่ต้องล็อกอินก่อน ::
  ล็อกอิน

รายการสื่อสารสนเทศ

ลำดับที่ ประเภท เลขเรียก/บาร์โค้ด สถานที่ สถานะ
- ไม่พบข้อมูล -

รายการใกล้เคียง
    หัวเรื่อง [อายุรศาสตร์]

BibComment


ยังไม่เคยถูกคอมเมนท์

คอมเมนท์ทรัพยากรรายการนี้
  คอมเมนท์: เรียนอายุรศาสตร์จ..


 Copyright 2026. Bcnsprnw @Library